Slovensko a svet v roku 2005
Slovensko. Európa. Za hranicami Európy. Biznis. Financie. Svet v číslach.
Gespeichert in:
| Format: | Buchkapitel |
|---|---|
| Sprache: | Slowakisch |
| Schlagworte: | |
| Tags: |
Keine Tags, Fügen Sie das erste Tag hinzu!
|
MARC
| LEADER | 00000naa$a2200000$$$4500 | ||
|---|---|---|---|
| 001 | 0023878 | ||
| 005 | 20231009075545.0 | ||
| 041 | 0 | |a slo | |
| 044 | |a SK | ||
| 245 | 1 | 0 | |a Slovensko a svet v roku 2005 |
| 520 | |a Slovensko. Európa. Za hranicami Európy. Biznis. Financie. Svet v číslach. | ||
| 610 | 2 | 0 | |a Slovensko |
| 610 | 2 | 0 | |a Európa |
| 610 | 2 | 0 | |a svet |
| 610 | 2 | 0 | |a obchod |
| 610 | 2 | 0 | |a financie |
| 610 | 2 | 0 | |a 2005 |